[Event "AUT-chT2O 1314"]
[Site "Austria"]
[Date "2013.12.07"]
[Round "5.6"]
[White "Plank, Reinhard"]
[Black "Steinwender, Peter"]
[Result "1/2-1/2"]
[WhiteElo "1918"]
[BlackElo "2059"]
[PlyCount "42"]
[EventDate "2013.10.05"]
[EventType "team-tourn"]
[EventRounds "11"]
[EventCountry "AUT"]
[SourceTitle "EXT 2015"]
[Source "ChessBase"]
[SourceDate "2014.11.20"]
[SourceVersion "1"]
[SourceVersionDate "2014.11.20"]
[SourceQuality "1"]
[WhiteTeam "Mattersburg"]
[BlackTeam "Wulkaprodersdorf"]
[WhiteTeamCountry "AUT"]
[BlackTeamCountry "AUT"]

1. e4 c5 2. Nf3 d6 3. Bb5+ Bd7 4. Bxd7+ Qxd7 5. 0-0 Nc6 6. b3 Nf6 7. Re1 g6 8. Bb2 Bg7 9. Nc3 0-0 10. Nd5 e5 11. a3 Nxd5 12. exd5 Ne7 13. c4 b5 14. Qc2 bxc4 15. bxc4 Rab8 16. Rab1 Rb7 17. Bc3 Rfb8 18. Ng5 h6 19. Ne4 f5 20. Rxb7 Rxb7 21. Ng3 h5 1/2-1/2

[Event "AUT-chT2O 1011"]
[Site "Austria"]
[Date "2010.11.28"]
[Round "7"]
[White "Kuthan, Andreas"]
[Black "Steinwender, Peter"]
[Result "1/2-1/2"]
[WhiteElo "2204"]
[BlackElo "2094"]
[PlyCount "97"]
[EventDate "2010.10.02"]
[EventType "team-tourn"]
[EventRounds "11"]
[EventCountry "AUT"]
[SourceTitle "EXT 2012"]
[Source "ChessBase"]
[SourceDate "2011.11.24"]
[SourceVersion "1"]
[SourceVersionDate "2011.11.24"]
[SourceQuality "1"]
[WhiteTeam "Pamhagen"]
[BlackTeam "Wulkaprodersdorf"]
[WhiteTeamCountry "AUT"]
[BlackTeamCountry "AUT"]

1. e4 c5 2. c3 d5 3. exd5 Qxd5 4. d4 e6 5. Nf3 Nf6 6. Be3 cxd4 7. cxd4 Bb4+ 8. Nc3 0-0 9. a3 Bxc3+ 10. bxc3 Nc6 11. Bd3 b6 12. 0-0 Bb7 13. Bg5 h6 14. Bh4 Ne7 15. Re1 Qh5 16. Bxf6 Bxf3 17. Qxf3 Qxf3 18. gxf3 gxf6 19. c4 Rfd8 20. Rad1 Kf8 21. Bc2 Rac8 22. Bb3 Nc6 23. d5 Na5 24. Ba2 Nxc4 25. dxe6 Rxd1 26. Rxd1 fxe6 27. Rd7 Nxa3 28. Rxa7 Nb5 29. Rh7 Rc1+ 30. Kg2 Nd4 31. Rxh6 Kg7 32. Rh4 Rg1+ 33. Kxg1 Nxf3+ 34. Kf1 Nxh4 35. Bxe6 Nf3 36. Bd7 Kg6 37. h3 f5 38. Kg2 Ne5 39. Be8+ Kg5 40. Bb5 Kf4 41. Be2 Nc6 42. h4 Nd4 43. Bd1 b5 44. h5 Kg5 45. f4+ Kh6 46. Kf2 Ne6 47. Ke3 b4 48. Bc2 Ng7 49. Kd4 1/2-1/2

[Event "AUT-chT2O 1011"]
[Site "Austria"]
[Date "2010.10.03"]
[Round "2.5"]
[White "Steinert, Martin"]
[Black "Steinwender, Peter"]
[Result "1-0"]
[WhiteElo "2081"]
[BlackElo "2094"]
[PlyCount "79"]
[EventDate "2010.10.02"]
[EventType "team-tourn"]
[EventRounds "11"]
[EventCountry "AUT"]
[SourceTitle "CBM 138 Extra"]
[Source "ChessBase"]
[SourceDate "2010.10.29"]
[SourceVersion "1"]
[SourceVersionDate "2010.10.29"]
[SourceQuality "1"]
[WhiteTeam "Nickelsdorf"]
[BlackTeam "Wulkaprodersdorf"]
[WhiteTeamCountry "AUT"]
[BlackTeamCountry "AUT"]

1. d4 d5 2. c4 c6 3. Nc3 e6 4. Nf3 Nf6 5. cxd5 exd5 6. Qc2 Be7 7. Bg5 0-0 8. e3 Nbd7 9. Bd3 Re8 10. h4 Nf8 11. 0-0-0 Bg4 12. Kb1 Bd6 13. Rde1 Bh5 14. Rhg1 Bg6 15. g4 Bxd3 16. Qxd3 h6 17. Bf4 Bxf4 18. exf4 Rxe1+ 19. Nxe1 Qd6 20. g5 N6d7 21. f5 Qf4 22. Nf3 hxg5 23. hxg5 Re8 24. Rh1 g6 25. fxg6 fxg6 26. Nh4 Qxg5 27. f4 Qh5 28. Qf1 Re7 29. f5 Rh7 30. fxg6 Nxg6 31. Rg1 Qxh4 32. Rxg6+ Rg7 33. Re6 Qxd4 34. Re8+ Kh7 35. Qf5+ Rg6 36. Qxd7+ Kh6 37. Qh3+ Kg5 38. Re3 Rg7 39. Rf3 Re7 40. Qg2+ 1-0

[Event "AUT-chT2O 0607"]
[Site "Austria"]
[Date "2007.04.14"]
[Round "10.3"]
[White "Suttner, Claus"]
[Black "Steinwender, Peter"]
[Result "1/2-1/2"]
[WhiteElo "2169"]
[BlackElo "2111"]
[PlyCount "101"]
[EventDate "2006.10.06"]
[EventType "team-tourn"]
[EventRounds "11"]
[EventCountry "AUT"]
[SourceTitle "EXT 2007"]
[Source "ChessBase"]
[SourceDate "2006.11.23"]
[SourceVersion "1"]
[SourceVersionDate "2006.11.23"]
[SourceQuality "1"]
[WhiteTeam "Tschaturanga Neubau"]
[BlackTeam "Wulkaprodersdorf"]
[WhiteTeamCountry "AUT"]
[BlackTeamCountry "AUT"]

1. d4 Nf6 2. Nf3 c5 3. g3 cxd4 4. Nxd4 Nc6 5. Bg2 Qb6 6. Nb3 d6 7. Nc3 Bd7 8. Be3 Qc7 9. Nb5 Qb8 10. c4 Ng4 11. Bd2 a6 12. Nc3 e6 13. Rc1 Nge5 14. Ne4 f5 15. Ng5 h6 16. Nh3 Be7 17. 0-0 0-0 18. Bc3 Qc7 19. Nf4 Qd8 20. Nd4 Nxd4 21. Qxd4 Qc7 22. b3 Bf6 23. Qd2 Rad8 24. Nh5 Ng4 25. Nxf6+ Nxf6 26. Rfd1 Bc6 27. Bxc6 Qxc6 28. Bxf6 Rxf6 29. Rc3 Kf7 30. a4 Ke7 31. Qc2 Rc8 32. Qd2 Qc5 33. Rd3 Rd8 34. b4 Qc6 35. Rc3 Qxa4 36. b5 axb5 37. cxb5 Qa5 38. Qb2 Qb6 39. Qb4 Rff8 40. Qh4+ Rf6 41. Qb4 Rd7 42. Rdc1 g5 43. e3 Rf7 44. Qd4 Qxd4 45. exd4 Rf8 46. b6 Rfd8 47. Kf1 d5 48. Ke2 Rd6 49. Rc7+ R8d7 50. Rxd7+ Rxd7 51. Rc8 1/2-1/2

[Event "AUT-chT2O 0607"]
[Site "Austria"]
[Date "2007.03.10"]
[Round "8.3"]
[White "Batyte, Daiva"]
[Black "Steinwender, Peter"]
[Result "1/2-1/2"]
[WhiteElo "2209"]
[BlackElo "2111"]
[PlyCount "123"]
[EventDate "2006.10.06"]
[EventType "team-tourn"]
[EventRounds "11"]
[EventCountry "AUT"]
[SourceTitle "EXT 2007"]
[Source "ChessBase"]
[SourceDate "2006.11.23"]
[SourceVersion "1"]
[SourceVersionDate "2006.11.23"]
[SourceQuality "1"]
[WhiteTeam "Stockerau"]
[BlackTeam "Wulkaprodersdorf"]
[WhiteTeamCountry "AUT"]
[BlackTeamCountry "AUT"]

1. g3 d5 2. Bg2 Nf6 3. d4 Bf5 4. Nf3 h6 5. c4 e6 6. Nc3 c6 7. Qb3 Qb6 8. Qxb6 axb6 9. cxd5 exd5 10. Bf4 Nbd7 11. 0-0 g5 12. Be5 Nxe5 13. dxe5 Ne4 14. Nd4 Nxc3 15. Nxf5 Nxa2 16. e4 dxe4 17. Rfe1 Ra5 18. Rxe4 Nb4 19. Rd1 Rd5 20. Rxd5 Nxd5 21. Ra4 Kd7 22. Ra7 Kc7 23. Ra8 Bg7 24. Rxh8 Bxh8 25. Bxd5 cxd5 26. f4 gxf4 27. gxf4 Kd7 28. Nxh6 f6 29. Ng4 fxe5 30. Nxe5+ Ke6 31. Kf2 Kf5 32. Kf3 Bg7 33. b3 Bh6 34. Nd3 d4 35. h3 b5 36. h4 b4 37. h5 b6 38. Nxb4 Bxf4 39. Nd5 Bd2 40. Nxb6 d3 41. Nc4 Bb4 42. Ke3 Kg5 43. Kxd3 Kxh5 44. Ne3 Kg6 45. Nd5 Ba5 46. Kc4 Kf7 47. Nb4 Ke6 48. Kb5 Bd8 49. Kc6 Ba5 50. Kb5 Bd8 51. Na6 Kd7 52. b4 Kc8 53. Kc6 Be7 54. Nc5 Kb8 55. Nd7+ Ka7 56. b5 Bd8 57. Nc5 Bb6 58. Nb7 Be3 59. Nd6 Kb8 60. Nc4 Bf2 61. Na5 Ka7 62. Nb7 1/2-1/2

[Event "AUT-chT2O 0607"]
[Site "Austria"]
[Date "2006.11.04"]
[Round "4.3"]
[White "Vyskocil, Neklan"]
[Black "Steinwender, Peter"]
[Result "0-1"]
[WhiteElo "2374"]
[BlackElo "2111"]
[PlyCount "150"]
[EventDate "2006.10.06"]
[EventType "team-tourn"]
[EventRounds "11"]
[EventCountry "AUT"]
[SourceTitle "EXT 2007"]
[Source "ChessBase"]
[SourceDate "2006.11.23"]
[SourceVersion "1"]
[SourceVersionDate "2006.11.23"]
[SourceQuality "1"]
[WhiteTeam "Zwettl"]
[BlackTeam "Wulkaprodersdorf"]
[WhiteTeamCountry "AUT"]
[BlackTeamCountry "AUT"]

1. e4 c5 2. Nf3 d6 3. d4 cxd4 4. Nxd4 Nf6 5. Nc3 a6 6. Bc4 e6 7. Bb3 b5 8. Bg5 Be7 9. 0-0 0-0 10. a3 Bb7 11. Bxe6 fxe6 12. Nxe6 Qc8 13. Nxf8 Qxf8 14. f3 Nbd7 15. Qd2 Rc8 16. Be3 Ne5 17. b3 Qd8 18. Bd4 Qc7 19. f4 Ned7 20. Rae1 Nc5 21. Nd5 Nxd5 22. exd5 Bf8 23. f5 Nd7 24. Rc1 Be7 25. c4 bxc4 26. bxc4 Ne5 27. Qe3 Bf6 28. c5 dxc5 29. Rxc5 Qd6 30. Rxc8+ Bxc8 31. Re1 Nd7 32. Qe8+ Qf8 33. Qe6+ Kh8 34. Bxf6 Nxf6 35. Qe7 Kg8 36. d6 Bxf5 37. Qc7 h5 38. Qc4+ Kh7 39. Qxa6 Ne4 40. Rd1 Bg4 41. Rf1 Qxd6 42. Qxd6 Nxd6 43. a4 Nc4 44. Rf4 Na5 45. Kf2 Bd7 46. Ke3 Kg6 47. Kd3 Bc6 48. g3 Nb7 49. Kc3 Nc5 50. a5 Na6 51. Kc4 Nc7 52. Kc5 Bg2 53. Rf2 Be4 54. Rd2 Kf6 55. Rd7 Na8 56. Kd6 g6 57. Re7 Bg2 58. Re2 Bh1 59. Kd7 Kg5 60. Kc8 Kg4 61. Kb8 g5 62. Rb2 Kh3 63. a6 h4 64. a7 Bc6 65. Rb4 Bg2 66. Rb5 Kxh2 67. g4 h3 68. Rxg5 Kg3 69. Rg8 h2 70. Rh8 Bh3 71. Rxh3+ Kxh3 72. Kxa8 h1Q+ 73. Kb8 Qb1+ 74. Ka8 Qb4 75. g5 Qe7 0-1

[Event "AUT-chT2O 0405"]
[Site "Austria"]
[Date "2005.01.29"]
[Round "5.6"]
[White "Reitgruber, Dietmar"]
[Black "Steinwender, Peter"]
[Result "0-1"]
[WhiteElo "1840"]
[BlackElo "2140"]
[PlyCount "72"]
[EventDate "2004.10.09"]
[EventType "team-tourn"]
[EventRounds "11"]
[EventCountry "AUT"]
[SourceTitle "EXT 2005"]
[Source "ChessBase"]
[SourceDate "2004.11.15"]
[SourceVersion "1"]
[SourceVersionDate "2004.11.15"]
[SourceQuality "1"]
[WhiteTeam "Lackenbach"]
[BlackTeam "Wulkaprodersdorf"]
[WhiteTeamCountry "AUT"]
[BlackTeamCountry "AUT"]

1. c4 e5 2. e4 Bc5 3. Nc3 Nc6 4. a3 a5 5. d3 d6 6. Nf3 Bg4 7. Be2 Nge7 8. 0-0 0-0 9. Be3 Bxf3 10. Bxf3 Nd4 11. g3 Nxf3+ 12. Qxf3 Qd7 13. Qe2 Rae8 14. Rab1 f5 15. f4 exf4 16. Rxf4 Ng6 17. Rf2 f4 18. Bxc5 dxc5 19. Kg2 fxg3 20. Rxf8+ Rxf8 21. hxg3 Ne5 22. Rd1 c6 23. Rf1 Rxf1 24. Qxf1 Nxd3 25. Qe2 Qd4 26. Kf3 Ne5+ 27. Kg2 Nxc4 28. a4 Ne5 29. Kh3 g6 30. Kg2 Kg7 31. Qf1 Qd2+ 32. Qf2 Qxf2+ 33. Kxf2 Nd3+ 34. Ke3 Nxb2 35. Kf4 Nd3+ 36. Ke3 Ne5 0-1

[Event "AUT-chT2O 0405"]
[Site "Austria"]
[Date "2004.11.20"]
[Round "3.6"]
[White "Schwab, Rene"]
[Black "Steinwender, Peter"]
[Result "1-0"]
[WhiteElo "2268"]
[BlackElo "2140"]
[PlyCount "127"]
[EventDate "2004.10.09"]
[EventType "team-tourn"]
[EventRounds "11"]
[EventCountry "AUT"]
[SourceTitle "EXT 2005"]
[Source "ChessBase"]
[SourceDate "2004.11.15"]
[SourceVersion "1"]
[SourceVersionDate "2004.11.15"]
[SourceQuality "1"]
[WhiteTeam "Donaustadt"]
[BlackTeam "Wulkaprodersdorf"]
[WhiteTeamCountry "AUT"]
[BlackTeamCountry "AUT"]

1. e4 c5 2. Nf3 d6 3. Bb5+ Nd7 4. 0-0 Ngf6 5. Re1 a6 6. Bf1 Ne5 7. h3 Nxf3+ 8. Qxf3 e5 9. c3 Be6 10. Na3 Be7 11. Nc2 0-0 12. d3 Ne8 13. d4 cxd4 14. cxd4 Rc8 15. Bd3 Bg5 16. Qg3 Bxc1 17. Rexc1 Qa5 18. b4 Qc7 19. Qe3 Qc3 20. b5 axb5 21. a3 Bc4 22. Bxc4 Rxc4 23. Qxc3 Rxc3 24. dxe5 dxe5 25. Ne3 Rb3 26. Nf5 g6 27. Ne7+ Kg7 28. f3 Nd6 29. Rd1 Nc4 30. Rd7 Ra8 31. Rxb7 Raxa3 32. Rxa3 Nxa3 33. Nc6 Nc4 34. Nd8 Nd6 35. Rd7 Rb1+ 36. Kh2 Nc4 37. Rxf7+ Kg8 38. Rc7 Rd1 39. Ne6 Rd6 40. Rg7+ Kh8 41. Re7 Kg8 42. Nc5 h5 43. Kg3 Kf8 44. Rb7 Rd2 45. Ne6+ Ke8 46. Rxb5 Ne3 47. Rxe5 Rxg2+ 48. Kf4 Nf1 49. Ng5+ Kf8 50. Re6 Kg7 51. Re7+ Kf8 52. Rc7 Ng3 53. Nh7+ Ke8 54. Nf6+ Kf8 55. e5 Ne2+ 56. Ke4 Ng3+ 57. Kd5 Nf5 58. Nh7+ Ke8 59. Ra7 Rg3 60. Ke4 Rxh3 61. e6 Rg3 62. Rd7 h4 63. Nf6+ Kf8 64. Rf7# 1-0

[Event "AUT-chT2O 0102"]
[Site "Austria"]
[Date "2002.02.17"]
[Round "9.4"]
[White "Wadsack, Wolfgang"]
[Black "Steinwender, Peter"]
[Result "1-0"]
[WhiteElo "2167"]
[BlackElo "2139"]
[PlyCount "43"]
[EventDate "2001.11.??"]
[EventType "team-tourn"]
[EventRounds "11"]
[EventCountry "AUT"]
[SourceTitle "EXT 2003"]
[Source "ChessBase"]
[SourceDate "2002.11.25"]
[SourceVersion "1"]
[SourceVersionDate "2002.11.25"]
[SourceQuality "1"]

1. e4 c5 2. c3 Nf6 3. e5 Nd5 4. d4 cxd4 5. cxd4 e6 6. Nf3 d6 7. a3 Nc6 8. Bd3 Qa5+ 9. Bd2 Qb6 10. Nc3 Nxc3 11. Bxc3 dxe5 12. dxe5 Be7 13. 0-0 0-0 14. Qc2 h6 15. Qe2 Rd8 16. Qe4 g6 17. h4 Bd7 18. h5 Be8 19. hxg6 fxg6 20. Bc4 Na5 21. Bxa5 Qxa5 22. Bxe6+ 1-0

[Event "AUT-chT2O 9900"]
[Site "Austria"]
[Date "2000.??.??"]
[Round "?"]
[White "Steinwender, Peter"]
[Black "Schwab, Rene"]
[Result "1-0"]
[WhiteElo "2125"]
[BlackElo "2281"]
[PlyCount "97"]
[EventDate "1999.??.??"]
[EventType "team-tourn"]
[EventRounds "11"]
[EventCountry "AUT"]
[SourceTitle "EXT 2001"]
[Source "ChessBase"]
[SourceDate "2000.11.22"]
[SourceVersion "1"]
[SourceVersionDate "2000.11.22"]
[SourceQuality "1"]

1. e4 c6 2. d4 d5 3. exd5 cxd5 4. c4 Nf6 5. Nc3 g6 6. cxd5 Bg7 7. Qb3 0-0 8. Bf4 Qa5 9. Be2 Na6 10. Bf3 Qb4 11. Qxb4 Nxb4 12. Rd1 Rd8 13. d6 e6 14. a3 Nbd5 15. Nxd5 exd5 16. Ne2 Ne4 17. 0-0 b6 18. Nc3 Bb7 19. Rfe1 f5 20. Nb5 Rd7 21. Be2 Ba6 22. f3 Nf6 23. Rc1 Rad8 24. Rc7 Ne8 25. Rxd7 Rxd7 26. Be5 Kf7 27. Kf2 Bf8 28. Rc1 Ke6 29. Nc7+ Nxc7 30. dxc7 Bc8 31. Bb5 Re7 32. Rc6+ Kf7 33. Rf6+ Kg8 34. Bc6 Rd7 35. Bxd7 Bxd7 36. Rc6 Bc8 37. Ke3 Kf7 38. Bd6 Bg7 39. Bb4 Bh6+ 40. f4 Ke8 41. Rd6 Bd7 42. Rxd5 Bg7 43. Bd6 h6 44. Be5 Bf8 45. Bf6 a6 46. b4 h5 47. c8Q+ Bxc8 48. Rd8+ Kf7 49. Rxc8 1-0

[Event "AUT-chT2O 9899"]
[Site "Austria"]
[Date "1999.??.??"]
[Round "7"]
[White "Kuba, Guenter"]
[Black "Steinwender, Peter"]
[Result "1-0"]
[WhiteElo "2235"]
[BlackElo "2125"]
[PlyCount "49"]
[EventDate "1998.10.??"]
[EventType "team-tourn"]
[EventRounds "11"]
[EventCountry "AUT"]
[SourceTitle "EXT 2000"]
[Source "ChessBase"]
[SourceDate "1999.11.16"]
[SourceVersion "1"]
[SourceVersionDate "1999.11.16"]
[SourceQuality "1"]

1. e4 e5 2. Nc3 Nf6 3. g3 Bc5 4. Bg2 0-0 5. Nge2 Nc6 6. 0-0 a6 7. h3 d6 8. Kh2 b5 9. a3 Bb7 10. f4 Nd4 11. d3 h6 12. Nxd4 Bxd4 13. Ne2 Bb6 14. g4 Kh7 15. Ng3 Ng8 16. g5 exf4 17. Bxf4 g6 18. h4 hxg5 19. hxg5 Bd4 20. c3 Be5 21. Qg4 Ne7 22. Qh4+ Kg8 23. Bxe5 dxe5 24. Rf3 Nc6 25. Rh1 1-0

[Event "AUT-chT2O 9899"]
[Site "Austria"]
[Date "1999.??.??"]
[Round "8"]
[White "Steinwender, Peter"]
[Black "Waller, Helmut"]
[Result "0-1"]
[WhiteElo "2125"]
[BlackElo "2190"]
[PlyCount "114"]
[EventDate "1998.10.??"]
[EventType "team-tourn"]
[EventRounds "11"]
[EventCountry "AUT"]
[SourceTitle "EXT 2000"]
[Source "ChessBase"]
[SourceDate "1999.11.16"]
[SourceVersion "1"]
[SourceVersionDate "1999.11.16"]
[SourceQuality "1"]

1. e4 c5 2. Nf3 d6 3. d4 cxd4 4. Nxd4 Nf6 5. Nc3 Bd7 6. Be2 Nc6 7. Be3 a6 8. Nb3 e6 9. f4 Be7 10. 0-0 0-0 11. g4 Rc8 12. Bf3 Na5 13. Nxa5 Qxa5 14. g5 Ne8 15. Qe1 Bd8 16. Qf2 b5 17. a3 Rb8 18. Rfd1 Bb6 19. e5 d5 20. Bxb6 Qxb6 21. Qxb6 Rxb6 22. Ne2 Nc7 23. c3 Bc6 24. Nd4 g6 25. b4 Rc8 26. Rd3 Na8 27. Be2 Be8 28. Kf2 Rb7 29. Nb3 Nb6 30. Nc5 Ra7 31. Rd2 Rca8 32. Rc1 a5 33. Ke3 axb4 34. axb4 Ra3 35. Kd4 R8a7 36. Rb2 Kg7 37. Nb3 h5 38. Na5 Rc7 39. Bf1 Na4 40. Rbc2 Kf8 41. Be2 Ke7 42. Bf1 Kd8 43. Be2 Kc8 44. Bf1 Kb8 45. Be2 Ka7 46. Bf1 Kb6 47. Be2 Ka7 48. Bf1 Nc5 49. Bg2 Rxa5 50. bxa5 Nb3+ 51. Kd3 Nxc1+ 52. Rxc1 Ka6 53. Rb1 Kxa5 54. Rb4 Kb6 55. Kc2 Ra7 56. Kb2 Kc5 57. Bf3 Ra4 0-1

[Event "AUT-chT2O 9899"]
[Site "Austria"]
[Date "1998.??.??"]
[Round "1"]
[White "Steinwender, Peter"]
[Black "Krpelan, Wolfgang"]
[Result "1/2-1/2"]
[WhiteElo "2125"]
[BlackElo "2190"]
[PlyCount "58"]
[EventDate "1998.10.??"]
[EventType "team-tourn"]
[EventRounds "11"]
[EventCountry "AUT"]
[SourceTitle "EXT 2000"]
[Source "ChessBase"]
[SourceDate "1999.11.16"]
[SourceVersion "1"]
[SourceVersionDate "1999.11.16"]
[SourceQuality "1"]

1. e4 c5 2. Nf3 d6 3. d4 cxd4 4. Nxd4 Nf6 5. Nc3 Nc6 6. Bc4 e6 7. Bb3 a6 8. f4 Qa5 9. 0-0 Nxd4 10. Qxd4 Qc5 11. Qxc5 dxc5 12. e5 Nd7 13. a4 b6 14. Be3 Bb7 15. Rad1 g6 16. Bf2 Be7 17. Rfe1 Bc6 18. Bc4 0-0 19. b3 Rfd8 20. Re2 Kf8 21. Red2 Ke8 22. Be3 Nb8 23. Rxd8+ Bxd8 24. Kf2 Ra7 25. g4 Rd7 26. Rxd7 Kxd7 27. g5 Be7 28. Bd3 Kc7 29. h4 Bb7 1/2-1/2